<?xml version="1.0" encoding="UTF-8"?>
<record
    xmlns:xsi="http://www.w3.org/2001/XMLSchema-instance"
    xsi:schemaLocation="http://www.loc.gov/MARC21/slim http://www.loc.gov/standards/marcxml/schema/MARC21slim.xsd"
    xmlns="http://www.loc.gov/MARC21/slim">

  <leader>00743nam a22002297a 4500</leader>
  <controlfield tag="005">20241204112755.0</controlfield>
  <controlfield tag="008">241204b           ||||| |||| 00| 0 eng d</controlfield>
  <datafield tag="020" ind1=" " ind2=" ">
    <subfield code="a">9789380751498</subfield>
  </datafield>
  <datafield tag="040" ind1=" " ind2=" ">
    <subfield code="c">AL</subfield>
  </datafield>
  <datafield tag="041" ind1=" " ind2=" ">
    <subfield code="a">English</subfield>
  </datafield>
  <datafield tag="082" ind1=" " ind2=" ">
    <subfield code="2">23</subfield>
    <subfield code="a">321.80954</subfield>
    <subfield code="b">TAKT</subfield>
  </datafield>
  <datafield tag="100" ind1=" " ind2=" ">
    <subfield code="a">C K Takwani</subfield>
    <subfield code="9">187566</subfield>
  </datafield>
  <datafield tag="245" ind1=" " ind2=" ">
    <subfield code="a">Textbook on Constitutional Law of India</subfield>
  </datafield>
  <datafield tag="260" ind1=" " ind2=" ">
    <subfield code="a">New Delhi</subfield>
    <subfield code="b">Whytes and Co</subfield>
    <subfield code="c">2024-25</subfield>
  </datafield>
  <datafield tag="300" ind1=" " ind2=" ">
    <subfield code="a">c,1016 p.</subfield>
    <subfield code="b">PB</subfield>
    <subfield code="c">24x15.5 cm.</subfield>
  </datafield>
  <datafield tag="365" ind1=" " ind2=" ">
    <subfield code="a">1060</subfield>
    <subfield code="b">&#x20B9;642.40</subfield>
    <subfield code="c">&#x20B9;</subfield>
    <subfield code="d">&#x20B9;880.00</subfield>
    <subfield code="e">27%</subfield>
    <subfield code="f">28-11-2024</subfield>
  </datafield>
  <datafield tag="650" ind1=" " ind2=" ">
    <subfield code="a">QES Quick Examination Study</subfield>
    <subfield code="9">187567</subfield>
  </datafield>
  <datafield tag="650" ind1=" " ind2=" ">
    <subfield code="a">Summary of Constituent Assembly Debates under Relevant Articles</subfield>
    <subfield code="9">187568</subfield>
  </datafield>
  <datafield tag="650" ind1=" " ind2=" ">
    <subfield code="a">Constitutional Law</subfield>
    <subfield code="9">187569</subfield>
  </datafield>
  <datafield tag="700" ind1=" " ind2=" ">
    <subfield code="a">TAKWANI (C K)</subfield>
    <subfield code="9">187570</subfield>
  </datafield>
  <datafield tag="942" ind1=" " ind2=" ">
    <subfield code="2">ddc</subfield>
    <subfield code="c">BK</subfield>
  </datafield>
  <datafield tag="999" ind1=" " ind2=" ">
    <subfield code="c">232053</subfield>
    <subfield code="d">232053</subfield>
  </datafield>
  <datafield tag="952" ind1=" " ind2=" ">
    <subfield code="0">0</subfield>
    <subfield code="1">0</subfield>
    <subfield code="2">ddc</subfield>
    <subfield code="4">0</subfield>
    <subfield code="7">0</subfield>
    <subfield code="8">Law</subfield>
    <subfield code="a">LL</subfield>
    <subfield code="b">LL</subfield>
    <subfield code="d">2024-12-02</subfield>
    <subfield code="e">MPP House</subfield>
    <subfield code="g">642.40</subfield>
    <subfield code="l">0</subfield>
    <subfield code="o">321.80954 TAKT</subfield>
    <subfield code="p">LL000048</subfield>
    <subfield code="r">2024-12-04 00:00:00</subfield>
    <subfield code="v">880.00</subfield>
    <subfield code="w">2024-12-04</subfield>
    <subfield code="y">BK</subfield>
  </datafield>
  <datafield tag="952" ind1=" " ind2=" ">
    <subfield code="0">0</subfield>
    <subfield code="1">0</subfield>
    <subfield code="2">ddc</subfield>
    <subfield code="4">0</subfield>
    <subfield code="7">0</subfield>
    <subfield code="8">Law</subfield>
    <subfield code="a">LL</subfield>
    <subfield code="b">LL</subfield>
    <subfield code="d">2024-12-02</subfield>
    <subfield code="e">MPP House</subfield>
    <subfield code="g">642.40</subfield>
    <subfield code="l">0</subfield>
    <subfield code="o">321.80954 TAKT</subfield>
    <subfield code="p">LL000049</subfield>
    <subfield code="r">2024-12-04 00:00:00</subfield>
    <subfield code="v">880.00</subfield>
    <subfield code="w">2024-12-04</subfield>
    <subfield code="y">BK</subfield>
  </datafield>
  <datafield tag="952" ind1=" " ind2=" ">
    <subfield code="0">0</subfield>
    <subfield code="1">0</subfield>
    <subfield code="2">ddc</subfield>
    <subfield code="4">0</subfield>
    <subfield code="7">0</subfield>
    <subfield code="8">Law</subfield>
    <subfield code="a">LL</subfield>
    <subfield code="b">LL</subfield>
    <subfield code="d">2024-12-02</subfield>
    <subfield code="e">MPP House</subfield>
    <subfield code="g">642.40</subfield>
    <subfield code="l">0</subfield>
    <subfield code="o">321.80954 TAKT</subfield>
    <subfield code="p">LL000050</subfield>
    <subfield code="r">2024-12-04 00:00:00</subfield>
    <subfield code="v">880.00</subfield>
    <subfield code="w">2024-12-04</subfield>
    <subfield code="y">BK</subfield>
  </datafield>
  <datafield tag="952" ind1=" " ind2=" ">
    <subfield code="0">0</subfield>
    <subfield code="1">0</subfield>
    <subfield code="2">ddc</subfield>
    <subfield code="4">0</subfield>
    <subfield code="7">0</subfield>
    <subfield code="8">Law</subfield>
    <subfield code="a">LL</subfield>
    <subfield code="b">LL</subfield>
    <subfield code="d">2024-12-02</subfield>
    <subfield code="e">MPP House</subfield>
    <subfield code="g">642.40</subfield>
    <subfield code="l">0</subfield>
    <subfield code="o">321.80954 TAKT</subfield>
    <subfield code="p">LL000051</subfield>
    <subfield code="r">2024-12-04 00:00:00</subfield>
    <subfield code="v">880.00</subfield>
    <subfield code="w">2024-12-04</subfield>
    <subfield code="y">BK</subfield>
  </datafield>
  <datafield tag="952" ind1=" " ind2=" ">
    <subfield code="0">0</subfield>
    <subfield code="1">0</subfield>
    <subfield code="2">ddc</subfield>
    <subfield code="4">0</subfield>
    <subfield code="7">0</subfield>
    <subfield code="8">Law</subfield>
    <subfield code="a">LL</subfield>
    <subfield code="b">LL</subfield>
    <subfield code="d">2024-12-02</subfield>
    <subfield code="e">MPP House</subfield>
    <subfield code="g">642.40</subfield>
    <subfield code="l">1</subfield>
    <subfield code="o">321.80954 TAKT</subfield>
    <subfield code="p">LL000052</subfield>
    <subfield code="r">2025-11-27 12:19:54</subfield>
    <subfield code="s">2025-11-20</subfield>
    <subfield code="v">880.00</subfield>
    <subfield code="w">2024-12-04</subfield>
    <subfield code="y">BK</subfield>
  </datafield>
</record>
